000 00665nam a2200253Ia 4500
008 160517s9999 xx 000 0 und d
020 _a0-07-121467-4
050 _aComSc QA 76
050 _b.H33 2004 c.1
100 _aHaag, Stephen.
245 _aComputing concepts :
245 _bcomplete edition /
245 _cStephen Haag, Maeve Cummings, Alan I. Rea, Jr.
250 _a2nd Edition
260 _aNew York :
260 _bMcGraw-Hill Tech. Educ.,
260 _c2004
300 _a556 pages :
300 _bcol. ill. ;
300 _c28 cm.
440 _aThe I-series
500 _aIncludes index.
650 _aElectronic data processing.
999 _c294131
_d294131